00401nam a22001097a 4500008004100000022001300041050002900054245014000083260003400223300002400257440001000281140923b xxu||||| |||| 00| 0 eng d a1022842x aKJE5461.B76(1999 pt 10B) aCourt of justice of the European communities 1999 pt10B: reports of cases before the courtof justice and the court of first instance. / aLuxembourg:bO.P.E.C.,c1999. a7771, xlvi.:c23cm. npt10B